000 01403cam a2200409 i 4500
001 4333
003 FISKH
005 20240722141751.0
008 221223t19571957nyua j 000 1 eng
010 _a 2022656768
020 _a9780064440042
040 _aDLC
_beng
_erda
_cDLC
_dDLC
042 _apcc
050 _aPZ7.M652
082 _a809
100 1 _aMinarik, Else Holmelund,
245 1 0 _aLittle Bear /
_cby Else Holmelund Minarik ; pictures by Maurice Sendak.
250 _aThis edition published in 1985.
260 _aNew York ;
_bHarperCollins,
_c1957.
300 _a63 pages :
_bcolor illustrations ;
_c23 cm
336 _atext
_btxt
_2rdacontent
336 _astill image
_bsti
_2rdacontent
337 _aunmediated
_bn
_2rdamedia
338 _avolume
_bnc
_2rdacarrier
440 3 _aAn I can read book
500 _aPaperback edition, in illustrated stiff-paper wrappers. In pencil on front free-endpaper of LC copy: 1st paperback edition, 1967.
505 _aG
520 _aLittle Bear's four adventures include taking a trip to the moon and having a birthday party.
521 8 _a370
_bLexile
521 8 _aG
_bRaz-Plus
650 0 _aBears
_vJuvenile fiction.
655 7 _aJuvenile literature
_y1957.
_2rbgenr
700 1 _aSendak, Maurice,
_eillustrator.
906 _a7
_bcbc
_corignew
_d2
_eocip
_f20
_gy-genrareb
942 _2ddc
_cBK
_n0
999 _c4333
_d4333